La música en la cultura griega
Uloženo v:
| Hlavní autor: | |
|---|---|
| Médium: | Kniha |
| Jazyk: | španělština |
| Vydáno: |
Ciudad de México
El Colegio de México
1954
|
| Edice: | Teoría y Práctica de la Música a Través de la Histora, 1
|
| Témata: | |
| Tagy: |
Přidat tag
Žádné tagy, Buďte první, kdo vytvoří štítek k tomuto záznamu!
|
MARC
| LEADER | 00000nam a2200000 a 4500 | ||
|---|---|---|---|
| 001 | UCN3000 | ||
| 003 | CL-VaPUC | ||
| 005 | 20241025110121.0 | ||
| 008 | 010615e19540000MX |||||||||||||||||spa|d | ||
| 999 | |c 296015 |d 296013 | ||
| 040 | |c Pontificia Universidad Católica de Valparaíso | ||
| 082 | 0 | 4 | |a 780.938 |b SAL |2 21 |
| 100 | 0 | |a Salazar, Adolfo |e author |9 459377 | |
| 245 | 1 | 3 | |a La música en la cultura griega |
| 260 | |a Ciudad de México |b El Colegio de México |c 1954 | ||
| 300 | |a 674 p | ||
| 490 | 0 | |a Teoría y Práctica de la Música a Través de la Histora, 1 | |
| 583 | |a last modification |c 20010615 00:00:00 |k Rodrigo Vera | ||
| 650 | 0 | |a Música griega |2 CL-VaPUC |9 458293 | |
| 650 | 0 | |a Música antigua |9 391245 | |
| 650 | 0 | |a Poesía lírica griega |9 439260 | |
| 942 | |c BK |2 ddc | ||
| 945 | |d 20010615 00:00:00 |a crobeson | ||
| 952 | |0 0 |1 0 |4 0 |6 780_938000000000000_SAL_1954 |7 0 |8 A |9 349492 |a BIBEDU |b BIBEDU |d 2019-11-20 |i 1187198 |o 780.938 SAL 1954 |p 1187198 |r 2023-01-12 |w 2019-11-20 |y BK |k MUS | ||